00369cam a22001217a 4500008004000000020001500040082001500055100002600070245007600096260003300172300001000205650003200215180718b1995 xxu||||| |||| 00| 0 eng d a8125006222 aPox54 G346 aGhosh, Suresh Chandra aHistory of education in modern India 1757-1986cby Suresh Chandra Ghosh aBombaybOrient Longmanc1995 a204p. aEducation - India - History